Grant County, New Mexico, U.S. Municipalities (Map) - Statistics

General Stats
  • This quiz has been taken 8 times
    4 since last reset
  • The average score is 14 of 41
Answers on the Map
Answers color-coded by a green-red scale on the quiz's map according to % correct below.
 
Answer Stats
Municipality % Correct
Bayard
100%
Silver City
100%
Silver City
100%
Arenas Valley
33%
Buckhorn
33%
Carpenter
33%
Casas Adobes
33%
Cliff
33%
Cobre
33%
Dwyer
33%
Faywood
33%
Fort Bayard
33%
Gila
33%
Gila Hot Springs
33%
Hachita
33%
Hanover
33%
Hurley
33%
Lake Roberts
33%
Lake Roberts Heights
33%
Little Walnut Village
33%
Mangas Springs
33%
Mimbres
33%
Mimbres Valley
33%
Mule Creek
33%
North Hurley
33%
Pinos Altos
33%
Redrock
33%
Riverside
33%
Rosedale
33%
San Lorenzo
33%
Santa Clara
33%
Separ
33%
Sherman
33%
Trout Valley
33%
Tyrone
33%
White Signal
33%
Chino Mine
0%
Fierro
0%
Playas
0%
Santa Rita
0%
Vanadium
0%
No matching quizzes found
Score Distribution
Percent of People with Each Score
Percentile by Number Answered
Your Score History
You have not taken this quiz since the last reset